000
00341nam a2200145Ia 4500
008
220204s9999 xx 000 0 und d
082
_a
582.28:575
_b
FIN
100
_a
DAY, P R
245
0
_a
Fungal genetics
250
_a
Ed.2
260
_a
Oxford
_b
Blackwell
_c
1963
650
_a
Fungal genetics
700
_a
FINCHAM, J R S
942
_c
BK
999
_c
21150
_d
21150